Quizzes
Events
Quiz Creation
Community
Videos
Private Events
Remove Ads
Sign In
Join for FREE
Feedback
Dark Mode
Quiz Categories
Sports
Geography
Music
Movies
Television
Just For Fun
Miscellaneous
History
Literature
Language
Science
Gaming
Entertainment
Religion
Holiday
For Kids
Quiz Lab
Recent
Popular Today
Quiz Kudos Today
Editor Picks
Curator Picks
Quizzes by...
Day
Popularity
Type
Ratings
Length
Year
Community
Subscriptions
Recent Discussions
Orange Saloon
Badges
Playlists
Quests
Create
Leaderboards
Showdown
Live 5
Trivia Bingo
Activity
Puzzle Library
Sporcle Events
Private Events
Virtual Trivia
Globe League
Become a Host
Pub Owners
SporcleCon
Opinionation
Our Games
Videos
Blog
Mobile Apps
Partnerships
Remove Ads and Go Orange
Feedback
Language
Vocabulary
Begins and Ends
Definition
Spanish
French
German
Italian
Chinese
Latin
Translation
Japanese
Language
Vocabulary
Begins and Ends
Definition
Spanish
French
German
Italian
Chinese
Latin
Translation
Japanese
Random Quiz
Search Sporcle
×
Quiz Lab
Quiz Lab
Language
Italian
Type in answers that appear in a list
Type in answers that appear in a list
Classic
Best Score? Go Orange.
Part 6 Verbs: ire (isc and irregular) Stats
Can you name the Part 6 Italian Verbs?
By
skygal889
10m
58 Questions
397 Plays
397 Plays
397 Plays
Comments
Comments
Give Quiz Kudos
Give Quiz Kudos
-
- Ratings
hide this ad
Replay
Link that replays current quiz
Next Quiz
Link to next quiz in quiz playlist
You Got
0%
They Got
Avg Score
63%
Avg Friend Score
Upgrade to see
Score Distribution
Jump to the score distribution portion of the page
Score
0/58
Timer
10:00
0
Plays Today
English
Italian
% Correct
to finish
finire
94.7%
io
finisco
90.2%
tu
finisci
88.9%
lui, lei
finisce
87.9%
noi
finiamo
86.4%
voi
finite
84.4%
to understand
capire
84.4%
io
capisco
82.6%
tu
capisci
82.1%
to prefer
preferire
81.4%
loro
finiscono
81.1%
lui, lei
capisce
81.1%
io
preferisco
79.8%
tu
preferisci
78.8%
noi
capiamo
78.3%
lui, lei
preferisce
77.8%
voi
capite
77.3%
loro
capiscono
77.3%
noi
preferiamo
76.6%
voi
preferite
74.8%
loro
preferiscono
73.8%
to clean
pulire
72.3%
to say/
to tell
dire
72%
tu
pulisci
70.3%
io
pulisco
70%
to go out
uscire
70%
to come
venire
69.8%
lui, lei
pulisce
69.5%
noi
puliamo
69.3%
English
Italian
% Correct
voi
pulite
67.5%
loro
puliscono
66.2%
io
dico
66.2%
tu
dici
66%
lui, lei
dice
65.7%
noi
usciamo
64%
noi
diciamo
63.5%
io
esco
63%
tu
esci
63%
io
vengo
63%
lui, lei
esce
62.5%
voi
uscite
61.7%
loro
dicono
61.2%
loro
escono
61.2%
noi
veniamo
59.4%
voi
venite
57.4%
loro
vengono
57.4%
voi
dite
55.9%
tu
vieni
54.7%
lui, lei
viene
53.9%
to give back
restituire
21.9%
io
restituisco
20.4%
tu
restituisci
20.2%
lui, lei
restituisce
19.9%
noi
restituiamo
19.6%
loro
restituiscono
19.4%
voi
restituite
19.1%
riuscire
to succeed
12.8%
to mean
volere dire
8.8%
Quiz Playlist
Details
Report
Send in Message
Add To Playlist
Classic:
Type in answers that appear in a list
Last Updated: Feb 16, 2017
Quiz Scoreboard
CHALLENGE
Sign Up to Join the Scoreboard
Show All
Scores
Hide
Comments
May contain spoilers
Recently Published
College Basketball Coaching Resumes
by pancakes188
Sports
9m
Billboard Blitz: Fleetwood Mac
by CooCooCachoo
Music
15s
Presidents Visiting Landmarks
by Hejman
History
7m
More to Explore
Quiz From the Vault
Featured Blog Post
Where Did the Easter Bunny Come From?
hide this ad
You Might Also Like...
Tags
Italian Quiz
English
ire
irregular
isc
Verb
Today's Top Quizzes in Language
Browse Language
hide this ad
Today's Top Quizzes in Italian
Browse Italian
Top Contributed Quizzes in Language
1
1-10 Letter F Words III
2
1-10 Letter G Words III
3
Alphabetize! : 'As' words
4
1-10 Letter H Words III
5
Order Up: Top 10 Most Native Spoken Languages
6
One Thing in Common: Italy
7
1-10 Letter I Words III
8
1-10 Letter J Words III
9
Weisst du, aus welchen Sprachen diese Wörter stammen?
10
Celtic Nations in their Language
Explore More
Trending Topics
Marvel
Disney
NBA
Kpop
Anime
Harry Potter
Crossword
Song
NFL
Pokémon
Soccer
Puzzle
Country
The Office
WWE
hide this ad
More By:
skygal889
Quiz
Plays
Rating
Category
Featured
Created
Passato Prossimo - Avere or Essere?
3,387
3.20
Language
Dec 7, 2009
Part 5 Italian Verbs
1,630
5.00
Language
Nov 2, 2009
Part 9 Italian Verbs: L'imperfetto
1,314
4.86
Language
Jan 22, 2010
Part 1 Italian Interrogatives
582
4.00
Language
Dec 4, 2009
Part 2 Italian Vocab
519
2.50
Language
Dec 4, 2009
Go to Creator's Profile
Score Distribution
Quiz Creator Spotlight
skygal889
Follow
Send a Message
Quizzes Created
-
Created Quiz Play Count
-
More By This Creator
Popular Quizzes Today
1
Find the US States - No Outlines Minefield
2
Find the Countries of Europe - No Outlines Minefield
3
The Countries of the World
4
Find the US States
5
Risky Map Clicking: Biggest States A-Z
6
US States
7
Popular People in 1961
8
Movies - When Are They Set?
More Language Quizzes
Portuguese: Days
Published
Trending Quizzes
Risky Map Clicking: Least Populous States A-Z
1-10 Letter G Words
1-10 Letter F Words
Risky Map Clicking: Next State Alphabetically
Click the Washington State Counties! (Map)
Recently Updated
Leaping Animals
pecheneg
Reality TV Shows (A-Z)
bhenderson79
Rickey Henderson's Hall of Fame Teammates
pecheneg
Champions League XIs: Arsenal
pecheneg
Quick Pick: Celebrities in WWE's Hall of Fame
aduchscher
A-Z Keypad Blitz II
pecheneg
Multiple Oscar Actors
pecheneg
Mystery Phrase Blitz: Oscar 'Best Actors'
pecheneg
F. Scott Fitzgerald Novels
LTH
Pick 3 Villains
ddd62291
Trending Topics
Crossword
Anime
NBA
Marvel
Harry Potter
Disney
Kpop
Puzzle
Soccer
WWE
Country
Pokémon
NFL
The Office
Song
Your Account Isn't Verified!
In order to create a playlist on Sporcle, you need to verify the email address you used during registration. Go to your
Sporcle Settings
to finish the process.
Report this User
Report this user for behavior that violates our
Community Guidelines
.
Details:
Send Report
Go to the Sporcle.com Mobile Site →
Comments